Регионална библиотека "Любен Каравелов" - Русе

Тони Клюна (Запис номер 86616)

MARC детайли
000 -Лидер
Контролно поле с фиксирана дължина 01902nam a2200421 c 4500
003 - Код на организацията, давaща контролен номер
Контролно поле BLK
005 - Дата и час на последна редакция
Контролно поле 20180427142738.0
008 - Елементи от данни с фиксирана дължина
fixed length control field 180408b bul|||||r ||||||| ||bul||
010 ## - Наследен системен номер
LC control number KNG00091241000
020 ## - Международен стандартен номер на книга ISBN
Международен стандартен номер на книга ISBN 978-954-340-120-8
-- издат.: Милениум
040 ## - Източник на каталожния запис
Идентификатор на билиотеката - собственик на записа BLK
041 ## - Код за език
Код за езика на текст/звукозапис или на отделно заглавие Български
Код за езика КДБФ Български
080 ## - УДК
Текстов определител УДК Вътрешна политика. Вж и 329
УДК код - определител по УДК 323
УДК определител (497.2)(092)
УДК - код + определител 323(497.2)(092)
080 ## - УДК
Текстов определител УДК Специална част на наказателното право. Видове наказуеми действия - Срещу собствена или чужда държава и управлението, политически престъпления,геноцид(прав.аспекти), наркотрафик, против мира, обществен
УДК код - определител по УДК 343.3/.7
УДК определител (497.2)(092)
УДК - код + определител 343.3/.7(497.2)(092)
080 ## - УДК
Текстов определител УДК
УДК код - определител по УДК 929 Милтенов, Антон Петров
УДК определител
УДК - код + определител 929 Милтенов, Антон Петров
139 ## - Редно поле
Редна дума Тони Клюна
Авторски знак Мило - М 61
245 10 - Сведения за заглавието
Заглавие Тони Клюна
257 ## - Страна на издаване
Страна на създаване/издаване България
260 ## - Област на издателските данни
-- София
Име на издателя, разпространителя и проч. Милениум
Година на издаване 2008
Печатница София : Родина
300 ## - Физическа характеристика
Страници 95 с.
Илюстрации и др. с ил.
Размери/Мащаб 20 см
380 ## - Жанр
Жанр Обществени науки
490 1# - СЕРИИ (Колекции)
Име на серия Колекция Убитите босове
№: серия 13
600 14 - Име на лице, използвано като предмет
За него / За нея Милтенов, Антон Петров
9 (RLIN) 302324
650 #4 - Допълнително описание по предмет – тема
Основно описание – тема или топоним Мафия - България
9 (RLIN) 250884
650 #4 - Допълнително описание по предмет – тема
Основно описание – тема или топоним Престъпления и престъпници - България
9 (RLIN) 271494
650 #4 - Допълнително описание по предмет – тема
Основно описание – тема или топоним Милтенов, Антон Петров (Тони Клюна)
9 (RLIN) 162225
651 #4 - Допълнително описание по предмет - топоним
Географско понятие България
9 (RLIN) 241624
653 ## - Ключова дума – ненормативна
Ключова дума мафия
653 ## - Ключова дума – ненормативна
Ключова дума престъпления
653 ## - Ключова дума – ненормативна
Ключова дума престъпници
653 ## - Ключова дума – ненормативна
Ключова дума България
653 ## - Ключова дума – ненормативна
Ключова дума Тони Клюна
852 ## - Местоположение
Форматна сигнатура Цб 245238
856 4# - Електронен адрес и достъп
Електронен формат pdf - файл
Път до файла /url/
856 4# - Електронен адрес и достъп
Електронен формат pdf - файл
Път до файла /url/
942 ## - АРТИКУЛИ
Вид на библиотечния материал Книги
Скрит в OPAC Не
Koha issues (borrowed), all copies 1
944 ## - СЪЗДАВАНЕ И РЕДАКЦИЯ на ЗАПИСА
Създаване/Редакция Създаване
Дата на регистрацията/редакция 08.09.2009
Статус, дата на статуса ф /
Служител, извършил регистрацията/редакцията Людмила_Стоянова
944 ## - СЪЗДАВАНЕ И РЕДАКЦИЯ на ЗАПИСА
Създаване/Редакция Редакция
Дата на регистрацията/редакция 22.08.2011
Статус, дата на статуса ф /
Служител, извършил регистрацията/редакцията
999 ## - СИСТЕМНИ КОНТРОЛНИ НОМЕРА
Koha biblionumber 86616
Koha biblioitemnumber 86616
Наличности
Код за отписване Код за изгубен артикул Код за повреда Коз за рестрикции Код за отдаване Артикулен № Име на библиотеката - собственик Име на библиотеката, в която се намира в момента Статус (Текущо местоположение) Дата на вписване в системата Местоположение - отдел Цена в лева Инвентарен номер Систематично азбучна сигнатура Баркод Номер на екземпляра Цена в евро Служебна бележка Служебен тип на артикула
  Не е изгубен Не е повреден без рестрикции ползва се в читалня 140195 Регионална библиотека "Любен Каравелов" Русе Регионална библиотека "Любен Каравелов" Русе Хранилище 2009-09-08 Хранилище 0.00 120000737894 Цб 245238 120000737894 1 0.00 Дост: Dp Вид: Д N: 12 Дата: 11.03.2009 Книги
  Не е изгубен Не е повреден без рестрикции заемане за дома 140196 Регионална библиотека "Любен Каравелов" Русе Регионална библиотека "Любен Каравелов" Русе Заемна - подръчен фонд 2011-07-21 Заемна - подръчен фонд 5.00 120000752154 П 323(497.2)(092)/ 120000752154 2 2.56 Дост: DA Вид: А N: 12 Дата: 21.07.2011 Дата инв: 02.02.2018 Бележки инв: П2018 Книги
  Не е изгубен Не е повреден без рестрикции заемане за дома 140197 Регионална библиотека "Любен Каравелов" Русе Регионална библиотека "Любен Каравелов" Русе Заемна - подръчен фонд 2011-07-21 Заемна - подръчен фонд 5.00 120000752211 П 323(497.2)(092)/ 120000752211 3 2.56 Дост: DA Вид: А N: 12 Дата: 21.07.2011 Дата инв: 02.02.2018 Бележки инв: П2018 Книги
Vip Innovations Ltd, Rousse, Bulgaria 2025